Socrate et Confucius : Introduction comparée aux philosophies chinoises et occidentales (notice n° 2141199)
[ vue normale ]
| 000 -LEADER | |
|---|---|
| fixed length control field | 01208cam a2200133 4500500 |
| 005 - DATE AND TIME OF LATEST TRANSACTION | |
| control field | 20260405024754.0 |
| 041 ## - LANGUAGE CODE | |
| Language code of text/sound track or separate title | fre |
| 042 ## - AUTHENTICATION CODE | |
| Authentication code | dc |
| 100 10 - MAIN ENTRY--PERSONAL NAME | |
| Personal name | Bardyn, Christophe |
| Relator term | author |
| 245 00 - TITLE STATEMENT | |
| Title | Socrate et Confucius : Introduction comparée aux philosophies chinoises et occidentales |
| 260 ## - PUBLICATION, DISTRIBUTION, ETC. | |
| Name of publisher, distributor, etc. | Armand Colin,<br/> |
| Date of publication, distribution, etc. | 2020.<br/> |
| 520 ## - SUMMARY, ETC. | |
| Summary, etc. | Il semble entendu de nos jours que la pensée chinoise est radicalement différente de la philosophie occidentale. Il est même proposé à cette dernière de s’appuyer sur ce décalage pour mettre en cause l’évidence de ses principes et apprendre à s’orienter autrement dans la réalité. On se réfère habituellement pour cela au taoïsme (très critique à l’égard des conventions) plutôt qu’au confucianisme (toujours suspect de moralisme), malgré l’importance primordiale de Confucius aux yeux des penseurs chinois eux-mêmes. L’intention de cet essai est d’établir des rapprochements entre la tradition de pensée issue de Confucius et la philosophie occidentale d’origine grecque, principalement la philosophie socratique. |
| 856 41 - ELECTRONIC LOCATION AND ACCESS | |
| Uniform Resource Identifier | <a href="https://shs.cairn.info/socrate-et-confucius--9782200628338?lang=fr&redirect-ssocas=7080">https://shs.cairn.info/socrate-et-confucius--9782200628338?lang=fr&redirect-ssocas=7080</a> |
Pas d'exemplaire disponible.




Réseaux sociaux